Energetický audit, certifikácia a monitoring bytového domu
Uložené v:
| Hlavný autor: | |
|---|---|
| Ďalší autori: | |
| Médium: | Rukopis Kniha |
| Jazyk: | Slovak |
| Vydavateľské údaje: |
2017
|
| Predmet: | |
| On-line prístup: | http://is.stuba.sk/zp/portal_zp.pl?podrobnosti=126047 https://opac.crzp.sk/?fn=detailBiblioForm&sid=E7FF18FD4FFD5019D4FEE13CC38C |
| Tagy: |
Žiadne tagy, Buďte prvý, kto otaguje tento záznam!
|
MARC
| LEADER | 00000ntm a22000003a 4500 | ||
|---|---|---|---|
| 001 | stuzp63694 | ||
| 003 | SK-STU | ||
| 005 | 20230818132308.3 | ||
| 007 | ta | ||
| 008 | 150427s2015----xo-----f-mn---000-0-slo-d | ||
| 040 | |a STU |b slo | ||
| 041 | 0 | |a slo | |
| 100 | 1 | |a Škuláň, Matej |u 010290 |4 aut |U SvF Stavebná fakulta |T SvF Katedra technických zariadení budov |X 7633 |U V290 |Y 31 |7 7633 | |
| 242 | 0 | 1 | |a Energy audit, certification and monitoring of residential house |y eng |
| 245 | 1 | 0 | |a Energetický audit, certifikácia a monitoring bytového domu |
| 260 | |c 2017 | ||
| 650 | 4 | |a energetický audit |2 slo | |
| 650 | 4 | |a energetický certifikát |2 slo | |
| 650 | 4 | |a energeticky úsporné opatrenia |2 slo | |
| 650 | 4 | |a energetický monitoring |2 slo | |
| 650 | 4 | |a obnova bytového domu |2 slo | |
| 650 | 4 | |a energy audit |2 eng | |
| 650 | 4 | |a energy saving measures |2 eng | |
| 650 | 4 | |a energy monitoring |2 eng | |
| 650 | 4 | |a refurbishment of residential house |2 eng | |
| 650 | 4 | |a energy certificate |2 eng | |
| 700 | 1 | |a Petráš, Dušan |u 010290 |k Z1 |4 ths |U SvF Stavebná fakulta |T SvF Katedra technických zariadení budov |X 749 |U V290 |Y 31 |7 A000000749 | |
| 856 | 4 | |u http://is.stuba.sk/zp/portal_zp.pl?podrobnosti=126047 | |
| 856 | 4 | |u https://opac.crzp.sk/?fn=detailBiblioForm&sid=E7FF18FD4FFD5019D4FEE13CC38C | |